00463nam a2200121Ia 4500008004100000245005400041245005000095260000900145650004700154856004800201999001900249952007300268171204s9999 xx 000 0 und d aPsychotherapy with Families: An Analytic Approach cBeta Copley, Jeanne Magagna, and Sally J. Box c2015 xPSYCHOLOGICAL COUNSELING AND PSYCHOTHERAPY uhttp://down.ebook777.com/033/1138887889.pdf c346505d346505 001040aCLbCLd2017-12-04l0r2017-12-04 00:00:00w2017-12-04yCBE